Creatividad empresarial

Detalles Bibliográficos
Autor principal: Tarapuez Chamorro, Edwin
Otros Autores: Lima Rivero, Carolina
Formato: eBook
Lenguaje:español
Publicado: Bogot ̀: ECOE, 2008
Materias:
Acceso en línea:http://www.vlex.com/source/7667

MARC

LEADER 00000nam a22000007a 4500
005 20130327110955.0
007 cr|||| ||||
008 130327e2008 ck |||||s|||| 00||0 spa d
020 |a 978-958-648-557-9 
035 |a 7667 
040 |a vLex 
090 |c 4045  |d 4045 
100 1 0 |a Tarapuez Chamorro, Edwin 
245 1 0 |a Creatividad empresarial  |c / Edwin Tarapuez Chamorro, Carolina Lima Rivero   |h [Recurso electrn̤ico] 
256 |a Servicio en ln̕ea 
260 |a Bogot ̀:  |b ECOE,   |c 2008  
300 |a 1 Recurso electrn̤ico 
506 |d vLex Global  |d vLex Global (Academic Edition, excluding Law Schools)  |d vLex Global (U.S. Academic Edition, Law Schools)  |d vLex Global (U.S. Academic Edition, excluding Law Schools)  |a vLex Global (Academic Edition, Law Schools) 
650 0 4 |a Creatividad 
650 0 4 |a Marketing 
650 0 4 |a Administracin̤ (Marketing) 
650 0 4 |a Publicidad 
700 1 0 |a Lima Rivero, Carolina 
740 |a vLex Libros (Servicio en ln̕ea) 
856 |a Acceso restringido  |u http://www.vlex.com/source/7667 
942 |c BOOK 
999 0 |a Creativity